000 00542nam a2200145 a 4500
008 120416s1976 ||||||||||||||||| || u
050 _aNA 2540 Pre
100 _aPreziosi, Donald
245 1 0 _aArchitecture, language and meaning
246 _athe origins of the built world and its semiotic organization
260 _aNew York
_bMouton
_c1976
300 _ax, 122p. : ill.
350 _a0.00
995 _D0.00
_FCBU-MAIN LIBRARY (Kitwe)
_H1
_I0.00
_M1
_UDAMAGED
_ZMain Library Open Access Collection
999 _c34786
_d34786